00549nam a22001697a 45000010005000000030009000050050017000140080041000310400038000720820023001102450087001332600039002203000022002595050026002816500044003077000028003518969BD-DhUAP20210113154642.0210113s1972 bg x p w 0 a0eng d aBD-DhAALcBD-DhAALbEngdBD-DhUAP00a348.549204 DHA22300aThe Dhaka Law Reports :ba monthly law journal /cedited by Obaidul Huq Chowdhury. aDhaka :bDhaka law reports,c1972. avolumes ;c26 cm. aV. 24-Table of cases. aLaw reports, digests, etc.zBangladesh. aChowdhury, Obaidul Huq.